Ensayo de bibliografía e iconografía del Carlismo español / (Record no. 70069)

MARC details
000 -LEADER
campo de control de longitud fija 00585nam a2200181 i 4500
001 - NÚMERO DE CONTROL
campo de control 70069
003 - IDENTIFICADOR DE NÚMERO DE CONTROL
campo de control ES-MaACL
005 - FECHA Y HORA DE LA ÚLTIMA TRANSACCIÓN
campo de control 20230906170718.0
007 - CAMPO FIJO DE DESCRIPCIÓN FÍSICA--INFORMACIÓN GENERAL
campo de control de longitud fija t|
008 - DATOS DE LONGITUD FIJA--INFORMACIÓN GENERAL
campo de control de longitud fija 040716s1950 sp ||||1| spa d
100 1# - ENTRADA PRINCIPAL--NOMBRE DE PERSONA
Nombre de persona García Moreno, Melchor.
9 (RLIN) 55001
245 10 - MENCIÓN DEL TÍTULO
Título Ensayo de bibliografía e iconografía del Carlismo español /
Mención de responsabilidad, etc. por Melchor García Moreno.
260 ## - PUBLICACIÓN, DISTRIBUCIÓN, ETC.
Lugar de publicación, distribución, etc. Madrid :
Nombre del editor, distribuidor, etc. [s.n.],
Fecha de publicación, distribución, etc. 1950 (
Fabricante Gráf. González)
300 ## - DESCRIPCIÓN FÍSICA
Extensión 103 p., 91 lám. ;
Dimensiones 25 cm.
650 04 - PUNTO DE ACCESO ADICIONAL DE MATERIA--TÉRMINO DE MATERIA
Término de materia o nombre geográfico como elemento de entrada Carlismo-
Subdivisión general Historia.
9 (RLIN) 10782
852 ## - LOCALIZACIÓN
Ubicación ES-MaACL
Número de control de estantería D-7188
Sublocalización o colección R.30644
852 ## - LOCALIZACIÓN
Ubicación ES-MaACL
Número de control de estantería C-5690
Sublocalización o colección R.34735
Holdings
Estatus retirado Estado de pérdida Estado de daño No para préstamo Biblioteca de origen Biblioteca actual Ubicación en estantería Fecha de adquisición Fuente de adquisición Total de préstamos Signatura topográfica completa Código de barras Visto por última vez Precio de reemplazo Tipo de ítem Koha
        Biblioteca del Ateneo de Madrid Biblioteca del Ateneo de Madrid Sala Palomar 17/01/2008     C-5690 1073374 23/02/2023 23/02/2023 Libro impreso
        Biblioteca del Ateneo de Madrid Biblioteca del Ateneo de Madrid Sala Valle Inclán 17/01/2008     D-7188 901073373 23/02/2023 23/02/2023 Libro impreso